[Event "NZ Blitz 2016"]
[Site "Devonport, NZL"]
[Date "2016.01.12"]
[Round "4.1"]
[White "Jones, Gawain C B"]
[Black "Koop, Thorben"]
[Result "1-0"]
[LiveChessVersion "1.4.7"]
[BlackElo "2368"]
[WhiteElo "2702"]

1. e4 {[%clk 0:03:03]} g6 {[%clk 0:03:03]} 2. d4 {[%clk 0:03:03]} Bg7
{[%clk 0:03:04]} 3. Nc3 {[%clk 0:03:04]} c6 {[%clk 0:03:04]} 4. f4
{[%clk 0:03:02]} d5 {[%clk 0:02:57]} 5. e5 {[%clk 0:03:02]} Nh6 {[%clk 0:02:57]}
6. Nf3 {[%clk 0:03:03]} a5 {[%clk 0:02:54]} 7. h3 {[%clk 0:02:57]} Nf5
{[%clk 0:02:55]} 8. Rg1 {[%clk 0:02:58]} Ng3 {[%clk 0:02:41]} 9. Bd3
{[%clk 0:02:59]} h5 {[%clk 0:02:22]} 10. Be3 {[%clk 0:02:47]} Bf5
{[%clk 0:02:15]} 11. Bf2 {[%clk 0:02:45]} Ne4 {[%clk 0:01:52]} 12. Bh4
{[%clk 0:02:44]} Qb6 {[%clk 0:01:35]} 13. Na4 {[%clk 0:02:35]} Qa7
{[%clk 0:01:16]} 14. g4 {[%clk 0:02:34]} hxg4 {[%clk 0:01:13]} 15. hxg4
{[%clk 0:02:35]} Rxh4 {[%clk 0:01:06]} 16. gxf5 {[%clk 0:02:15]} Rxf4
{[%clk 0:01:07]} 17. fxg6 {[%clk 0:02:15]} fxg6 {[%clk 0:00:41]} 18. Rxg6
{[%clk 0:02:06]} Bf8 {[%clk 0:00:42]} 19. Bxe4 {[%clk 0:01:59]} dxe4
{[%clk 0:00:40]} 20. Ng5 {[%clk 0:01:59]} e3 {[%clk 0:00:31]} 21. Ne6
{[%clk 0:01:53]} Rh4 {[%clk 0:00:30]} 22. Qf3 {[%clk 0:01:35]} Nd7
{[%clk 0:00:30]} 23. Rg8 {[%clk 0:01:35]} Rxd4 {[%clk 0:00:14]} 24. Rxf8+
{[%clk 0:01:31]} 1-0

[Event "NZ Blitz 2016"]
[Site "Devonport, NZL"]
[Date "2016.01.12"]
[Round "4.2"]
[White "Ma, Qun"]
[Black "Cornette, Matthieu"]
[Result "1-0"]
[LiveChessVersion "1.4.7"]
[BlackElo "2591"]
[WhiteElo "2560"]

1. e4 {[%clk 0:03:02]} c5 {[%clk 0:03:04]} 2. Nf3 {[%clk 0:03:03]} Nc6
{[%clk 0:03:05]} 3. Bb5 {[%clk 0:03:04]} g6 {[%clk 0:03:05]} 4. O-O
{[%clk 0:03:04]} Bg7 {[%clk 0:03:06]} 5. Re1 {[%clk 0:03:05]} Nf6
{[%clk 0:03:07]} 6. e5 {[%clk 0:03:05]} Nd5 {[%clk 0:03:08]} 7. Nc3
{[%clk 0:03:06]} Nc7 {[%clk 0:03:07]} 8. Bxc6 {[%clk 0:03:07]} dxc6
{[%clk 0:03:08]} 9. Ne4 {[%clk 0:03:07]} b6 {[%clk 0:03:09]} 10. h3
{[%clk 0:02:59]} O-O {[%clk 0:03:05]} 11. d3 {[%clk 0:03:00]} f5 {[%clk 0:02:52]}
12. Nc3 {[%clk 0:02:21]} Ne6 {[%clk 0:02:50]} 13. a4 {[%clk 0:02:21]} Qc7
{[%clk 0:02:33]} 14. b3 {[%clk 0:02:07]} Nd4 {[%clk 0:02:16]} 15. Bf4
{[%clk 0:02:04]} Be6 {[%clk 0:01:57]} 16. Nxd4 {[%clk 0:02:05]} cxd4
{[%clk 0:01:58]} 17. Ne2 {[%clk 0:02:05]} c5 {[%clk 0:01:43]} 18. Qd2
{[%clk 0:02:06]} Bd5 {[%clk 0:01:37]} 19. Bh6 {[%clk 0:01:55]} Bxe5
{[%clk 0:01:24]} 20. Bxf8 {[%clk 0:01:35]} Rxf8 {[%clk 0:01:25]} 21. Ng3
{[%clk 0:00:50]} Bxg3 {[%clk 0:01:17]} 22. fxg3 {[%clk 0:00:50]} e5
{[%clk 0:01:18]} 23. Re2 {[%clk 0:00:36]} e4 {[%clk 0:01:14]} 24. Qf4
{[%clk 0:00:37]} Qxf4 {[%clk 0:00:54]} 25. gxf4 {[%clk 0:00:38]} e3
{[%clk 0:00:55]} 26. a5 {[%clk 0:00:39]} b5 {[%clk 0:00:52]} 27. a6
{[%clk 0:00:35]} c4 {[%clk 0:00:47]} 28. bxc4 {[%clk 0:00:23]} bxc4
{[%clk 0:00:48]} 29. Ra5 {[%clk 0:00:23]} cxd3 {[%clk 0:00:47]} 30. cxd3
{[%clk 0:00:24]} Bf7 {[%clk 0:00:46]} 31. Ra4 {[%clk 0:00:21]} Rd8
{[%clk 0:00:44]} 32. Rb4 {[%clk 0:00:20]} Rd6 {[%clk 0:00:45]} 33. Reb2
{[%clk 0:00:20]} Kg7 {[%clk 0:00:35]} 34. Kf1 {[%clk 0:00:20]} g5
{[%clk 0:00:36]} 35. fxg5 f4 36. Rb7 {[%clk 0:00:08]} Rxa6 {[%clk 0:00:39]} 37.
Rd7 {[%clk 0:00:10]} Kg6 {[%clk 0:00:28]} 38. Ke2 {[%clk 0:00:10]} Ra5
{[%clk 0:00:23]} 39. Kf3 {[%clk 0:00:07]} Rf5 {[%clk 0:00:22]} 40. Rxd4
{[%clk 0:00:04]} Bd5+ {[%clk 0:00:22]} 41. Rxd5 {[%clk 0:00:04]} Rxd5
{[%clk 0:00:23]} 42. Kxf4 {[%clk 0:00:05]} Rxd3 {[%clk 0:00:22]} 43. Ra2
{[%clk 0:00:06]} Rd7 {[%clk 0:00:20]} 44. Ra6+ {[%clk 0:00:07]} Kg7
{[%clk 0:00:21]} 45. Kxe3 {[%clk 0:00:08]} Rb7 {[%clk 0:00:22]} 46. Kf4
{[%clk 0:00:09]} Rb4+ {[%clk 0:00:20]} 47. Kf5 {[%clk 0:00:10]} Rb5+
{[%clk 0:00:21]} 48. Kg4 {[%clk 0:00:11]} Rb4+ {[%clk 0:00:20]} 49. Kh5
{[%clk 0:00:12]} Rb7 {[%clk 0:00:22]} 50. h4 {[%clk 0:00:13]} Rc7
{[%clk 0:00:23]} 51. g3 {[%clk 0:00:14]} Rb7 {[%clk 0:00:25]} 52. Ra4
{[%clk 0:00:13]} Rc7 {[%clk 0:00:26]} 53. Ra5 {[%clk 0:00:14]} Rb7
{[%clk 0:00:27]} 54. Kg4 {[%clk 0:00:16]} Rb4+ {[%clk 0:00:28]} 55. Kf5
{[%clk 0:00:17]} Rb7 {[%clk 0:00:30]} 56. h5 {[%clk 0:00:17]} Kf7
{[%clk 0:00:31]} 57. g4 {[%clk 0:00:10]} Rc7 {[%clk 0:00:33]} 58. h6
{[%clk 0:00:09]} Rb7 {[%clk 0:00:34]} 59. g6+ {[%clk 0:00:11]} hxg6+
{[%clk 0:00:35]} 60. Kg5 {[%clk 0:00:12]} Rc7 {[%clk 0:00:33]} 61. Ra6
{[%clk 0:00:12]} Rc5+ {[%clk 0:00:34]} 62. Kh4 {[%clk 0:00:13]} Rc7
{[%clk 0:00:30]} 63. Kg5 {[%clk 0:00:08]} Rc5+ {[%clk 0:00:32]} 64. Kf4
{[%clk 0:00:09]} Rc4+ {[%clk 0:00:28]} 65. Kg5 {[%clk 0:00:07]} Rc5+
{[%clk 0:00:30]} 66. Kh4 {[%clk 0:00:08]} Rc7 {[%clk 0:00:31]} 67. g5
{[%clk 0:00:09]} Rc4+ {[%clk 0:00:32]} 68. Kg3 {[%clk 0:00:10]} Rc3+
{[%clk 0:00:33]} 69. Kf4 {[%clk 0:00:12]} Rc4+ {[%clk 0:00:35]} 70. Kf3
{[%clk 0:00:12]} Rc3+ {[%clk 0:00:36]} 71. Ke4 {[%clk 0:00:14]} Rc7
{[%clk 0:00:26]} 72. Rf6+ {[%clk 0:00:14]} Kg8 {[%clk 0:00:25]} 73. Rxg6+
{[%clk 0:00:15]} Kh7 {[%clk 0:00:25]} 74. Ra6 {[%clk 0:00:16]} Rc4+
{[%clk 0:00:26]} 75. Kf5 {[%clk 0:00:17]} Rc5+ {[%clk 0:00:27]} 76. Kg4
{[%clk 0:00:18]} Rc7 {[%clk 0:00:27]} 77. Kh5 {[%clk 0:00:18]} Rb7
{[%clk 0:00:28]} 78. Rc6 {[%clk 0:00:19]} a5 {[%clk 0:00:29]} 79. g6+
{[%clk 0:00:19]} 1-0

[Event "NZ Blitz 2016"]
[Site "Devonport, NZL"]
[Date "2016.01.12"]
[Round "4.3"]
[White "Wang, Puchen"]
[Black "Fier, Alexandr"]
[Result "1/2-1/2"]
[LiveChessVersion "1.4.7"]
[BlackElo "2524"]
[WhiteElo "2457"]

1. d4 {[%clk 0:03:04]} Nf6 {[%clk 0:03:03]} 2. c4 {[%clk 0:03:05]} c5
{[%clk 0:03:04]} 3. d5 {[%clk 0:03:07]} e6 {[%clk 0:03:05]} 4. Nc3
{[%clk 0:03:04]} exd5 {[%clk 0:03:06]} 5. cxd5 {[%clk 0:03:05]} d6
{[%clk 0:03:07]} 6. e4 {[%clk 0:03:03]} g6 {[%clk 0:03:08]} 7. Bd3
{[%clk 0:03:04]} Bg7 {[%clk 0:03:08]} 8. h3 {[%clk 0:03:05]} Nbd7
{[%clk 0:03:07]} 9. Nf3 {[%clk 0:03:03]} a6 {[%clk 0:03:08]} 10. a4
{[%clk 0:03:03]} Nh5 {[%clk 0:03:09]} 11. Be2 {[%clk 0:02:54]} O-O
{[%clk 0:02:54]} 12. O-O {[%clk 0:02:54]} Re8 {[%clk 0:02:55]} 13. Bg5
{[%clk 0:02:42]} Qb6 {[%clk 0:02:53]} 14. Qc2 {[%clk 0:02:39]} Nhf6
{[%clk 0:02:44]} 15. Nd2 {[%clk 0:02:33]} Qc7 {[%clk 0:02:40]} 16. Be3
{[%clk 0:02:26]} Rb8 {[%clk 0:02:32]} 17. Nc4 {[%clk 0:02:18]} Nb6
{[%clk 0:02:20]} 18. Na3 {[%clk 0:02:08]} Bd7 {[%clk 0:02:20]} 19. Rfe1
{[%clk 0:02:05]} Nxe4 20. Nxe4 {[%clk 0:02:04]} Nxd5 {[%clk 0:01:31]} 21. Bd2
{[%clk 0:01:58]} b5 {[%clk 0:01:17]} 22. axb5 {[%clk 0:01:56]} axb5
{[%clk 0:01:19]} 23. Nc3 {[%clk 0:01:44]} Nb4 {[%clk 0:01:18]} 24. Qd1
{[%clk 0:01:42]} Qb6 {[%clk 0:00:41]} 25. Bf4 {[%clk 0:01:32]} Re6
{[%clk 0:00:16]} 26. Bf1 {[%clk 0:01:17]} Rxe1 {[%clk 0:00:15]} 27. Qxe1
{[%clk 0:01:18]} c4 {[%clk 0:00:09]} 28. Qd2 {[%clk 0:01:13]} Bf5
{[%clk 0:00:05]} 29. Qxd6 {[%clk 0:01:11]} Nc6 {[%clk 0:00:04]} 30. Naxb5 Rd8 31.
Qc7 {[%clk 0:01:08]} Qxc7 {[%clk 0:00:07]} 32. Nxc7 {[%clk 0:01:04]} Bd3
{[%clk 0:00:07]} 33. Ra8 {[%clk 0:01:02]} Rxa8 {[%clk 0:00:08]} 34. Nxa8
{[%clk 0:01:03]} Nb4 {[%clk 0:00:08]} 35. Nc7 {[%clk 0:00:45]} Bxf1
{[%clk 0:00:09]} 36. Kxf1 Nd3 37. N7d5 {[%clk 0:00:41]} Nxb2 {[%clk 0:00:10]} 38.
Bg5 {[%clk 0:00:40]} Nd3 {[%clk 0:00:07]} 39. Bf6 {[%clk 0:00:41]} Bh6
{[%clk 0:00:07]} 40. h4 {[%clk 0:00:38]} Bc1 {[%clk 0:00:08]} 41. Ne3
{[%clk 0:00:34]} Bxe3 42. fxe3 Kf8 43. Ne4 {[%clk 0:00:33]} h6 {[%clk 0:00:06]}
44. Nd2 {[%clk 0:00:33]} Nc5 {[%clk 0:00:06]} 45. Nxc4 {[%clk 0:00:33]} Ne4
{[%clk 0:00:07]} 46. Be5 {[%clk 0:00:33]} Ke7 {[%clk 0:00:09]} 47. Ke2
{[%clk 0:00:32]} Ke6 {[%clk 0:00:10]} 48. Bh2 {[%clk 0:00:33]} f5
{[%clk 0:00:11]} 49. Nd2 {[%clk 0:00:34]} Nf6 50. Kf3 {[%clk 0:00:34]} Kd5
{[%clk 0:00:12]} 51. Bf4 {[%clk 0:00:35]} h5 {[%clk 0:00:13]} 52. Bg5
{[%clk 0:00:33]} Ng4 {[%clk 0:00:13]} 53. e4+ {[%clk 0:00:30]} fxe4+
{[%clk 0:00:14]} 54. Nxe4 {[%clk 0:00:32]} Ke5 {[%clk 0:00:15]} 55. Nf2
{[%clk 0:00:31]} Nh2+ {[%clk 0:00:16]} 56. Ke2 {[%clk 0:00:30]} Kf5
{[%clk 0:00:18]} 57. g3 {[%clk 0:00:30]} Ke5 {[%clk 0:00:18]} 58. Bf4+
{[%clk 0:00:31]} Kf5 {[%clk 0:00:19]} 59. Nd1 {[%clk 0:00:29]} Ke4
{[%clk 0:00:19]} 60. Ne3 {[%clk 0:00:29]} Nf3 {[%clk 0:00:20]} 61. Nf1
{[%clk 0:00:28]} Nd4+ 62. Kf2 {[%clk 0:00:24]} Ne6 {[%clk 0:00:21]} 63. Bc1
{[%clk 0:00:24]} Nc5 {[%clk 0:00:20]} 64. Bh6 {[%clk 0:00:23]} Nd3+
{[%clk 0:00:21]} 65. Ke2 {[%clk 0:00:24]} Ne5 {[%clk 0:00:21]} 66. Nd2+
{[%clk 0:00:25]} Kf5 {[%clk 0:00:22]} 67. Bf4 {[%clk 0:00:26]} Nc6
{[%clk 0:00:22]} 68. Nf3 {[%clk 0:00:26]} Ke4 {[%clk 0:00:22]} 69. Ng5+
{[%clk 0:00:27]} Kf5 {[%clk 0:00:23]} 70. Ke3 {[%clk 0:00:28]} Nb4
{[%clk 0:00:24]} 71. Nf3 {[%clk 0:00:29]} Nd5+ {[%clk 0:00:25]} 72. Kf2
{[%clk 0:00:12]} Nxf4 {[%clk 0:00:26]} 73. gxf4 {[%clk 0:00:13]} Kxf4
{[%clk 0:00:27]} 74. Ke2 {[%clk 0:00:15]} Kg4 {[%clk 0:00:25]} 75. Ke3
{[%clk 0:00:16]} Kg3 {[%clk 0:00:27]} 76. Ke4 {[%clk 0:00:10]} Kg4
{[%clk 0:00:28]} 77. Ng5 {[%clk 0:00:04]} Kxh4 {[%clk 0:00:29]} 78. Kf4 1/2-1/2

[Event "NZ Blitz 2016"]
[Site "Devonport, NZL"]
[Date "2016.01.12"]
[Round "4.4"]
[White "Polishchuk, Kirill"]
[Black "Ker, Anthony F"]
[Result "0-1"]
[LiveChessVersion "1.4.7"]
[BlackElo "2317"]
[WhiteElo "2134"]

1. e4 {[%clk 0:03:03]} d6 {[%clk 0:03:04]} 2. d4 {[%clk 0:03:01]} Nf6
{[%clk 0:03:04]} 3. Nc3 g6 4. f4 {[%clk 0:03:03]} Bg7 {[%clk 0:03:07]} 5. Bd3
{[%clk 0:03:02]} c5 {[%clk 0:02:40]} 6. dxc5 {[%clk 0:02:55]} dxc5
{[%clk 0:02:41]} 7. f5 {[%clk 0:02:40]} Nc6 {[%clk 0:02:38]} 8. Nf3
{[%clk 0:02:40]} O-O {[%clk 0:02:34]} 9. O-O {[%clk 0:02:33]} Ng4
{[%clk 0:02:25]} 10. h3 {[%clk 0:02:17]} Bd4+ {[%clk 0:02:25]} 11. Kh1
{[%clk 0:02:09]} Nf2+ {[%clk 0:02:22]} 12. Rxf2 {[%clk 0:02:09]} Bxf2
{[%clk 0:02:23]} 13. Bh6 {[%clk 0:02:01]} Re8 {[%clk 0:02:23]} 14. Qe2
{[%clk 0:01:46]} Bd4 {[%clk 0:02:16]} 15. Rf1 {[%clk 0:01:42]} Bg7
{[%clk 0:02:14]} 16. Bxg7 {[%clk 0:01:39]} Kxg7 {[%clk 0:02:15]} 17. Ng5
{[%clk 0:01:34]} Nd4 {[%clk 0:02:08]} 18. Qf2 {[%clk 0:01:31]} Rf8
{[%clk 0:01:47]} 19. Qh4 {[%clk 0:01:20]} h6 {[%clk 0:01:47]} 20. fxg6
{[%clk 0:00:58]} fxg6 {[%clk 0:01:47]} 21. Nf3 {[%clk 0:00:46]} Nxf3
{[%clk 0:01:46]} 22. gxf3 {[%clk 0:00:45]} e5 {[%clk 0:01:40]} 23. Qg3
{[%clk 0:00:41]} Rf4 {[%clk 0:01:28]} 24. Ne2 {[%clk 0:00:35]} Rh4
{[%clk 0:01:27]} 25. Ng1 {[%clk 0:00:31]} Qf6 {[%clk 0:01:25]} 26. Rd1
{[%clk 0:00:25]} Be6 {[%clk 0:01:25]} 27. Bf1 {[%clk 0:00:25]} Rf8
{[%clk 0:01:25]} 28. Bg2 {[%clk 0:00:25]} Qf4 {[%clk 0:01:22]} 29. Qxf4
{[%clk 0:00:14]} Rhxf4 {[%clk 0:01:23]} 30. Rd6 {[%clk 0:00:14]} R4f6
{[%clk 0:01:22]} 31. Kh2 {[%clk 0:00:11]} Bxa2 {[%clk 0:01:23]} 32. Rd7+
{[%clk 0:00:08]} R6f7 {[%clk 0:01:23]} 33. Rd2 {[%clk 0:00:09]} Be6
{[%clk 0:01:23]} 34. b3 {[%clk 0:00:10]} Rd7 {[%clk 0:01:24]} 35. Re2
{[%clk 0:00:11]} Rfd8 {[%clk 0:01:25]} 36. Kg3 {[%clk 0:00:11]} Rd2
{[%clk 0:01:25]} 37. Re3 {[%clk 0:00:12]} Rxc2 {[%clk 0:01:26]} 38. f4
{[%clk 0:00:13]} exf4+ {[%clk 0:01:21]} 39. Kxf4 {[%clk 0:00:14]} Rxg2
{[%clk 0:01:21]} 40. Nf3 {[%clk 0:00:15]} Kf6 {[%clk 0:01:16]} 41. e5+
{[%clk 0:00:16]} Kg7 {[%clk 0:01:17]} 42. Re1 {[%clk 0:00:15]} g5+
{[%clk 0:01:16]} 43. Ke3 {[%clk 0:00:17]} Bf5 0-1

[Event "NZ Blitz 2016"]
[Site "Devonport, NZL"]
[Date "2016.01.12"]
[Round "4.5"]
[White "Kulashko, Alexei"]
[Black "Maroroa, Sue Y"]
[Result "1-0"]
[LiveChessVersion "1.4.7"]
[BlackElo "2087"]
[WhiteElo "2341"]

1. Nf3 {[%clk 0:03:03]} Nf6 {[%clk 0:03:03]} 2. g3 {[%clk 0:03:04]} d6
{[%clk 0:02:49]} 3. Bg2 {[%clk 0:03:04]} e5 {[%clk 0:02:50]} 4. d3
{[%clk 0:03:01]} Nc6 {[%clk 0:02:47]} 5. c4 {[%clk 0:03:01]} Be7 {[%clk 0:02:32]}
6. Nc3 {[%clk 0:03:01]} h6 {[%clk 0:02:34]} 7. O-O {[%clk 0:02:59]} Bg4
{[%clk 0:02:19]} 8. Rb1 {[%clk 0:02:49]} Qd7 {[%clk 0:02:14]} 9. Nd5
{[%clk 0:02:35]} Nxd5 {[%clk 0:01:56]} 10. cxd5 {[%clk 0:02:36]} Nd8
{[%clk 0:01:57]} 11. e4 {[%clk 0:02:26]} O-O {[%clk 0:01:40]} 12. Be3
{[%clk 0:02:24]} f5 {[%clk 0:01:40]} 13. h3 {[%clk 0:01:52]} Bxf3
{[%clk 0:01:28]} 14. Qxf3 {[%clk 0:01:48]} f4 {[%clk 0:01:06]} 15. gxf4
{[%clk 0:01:38]} exf4 {[%clk 0:01:05]} 16. Bd4 {[%clk 0:01:36]} Bf6
{[%clk 0:01:02]} 17. Bc3 {[%clk 0:01:26]} Bxc3 {[%clk 0:00:43]} 18. bxc3
{[%clk 0:01:27]} b6 {[%clk 0:00:38]} 19. h4 {[%clk 0:01:24]} Qe7 {[%clk 0:00:34]}
20. Qg4 {[%clk 0:01:22]} Nf7 {[%clk 0:00:31]} 21. d4 {[%clk 0:01:22]} g5
{[%clk 0:00:27]} 22. Rbe1 {[%clk 0:01:13]} Kh8 {[%clk 0:00:25]} 23. h5
{[%clk 0:01:03]} Rad8 {[%clk 0:00:13]} 24. Bh3 {[%clk 0:01:03]} Kg7
{[%clk 0:00:09]} 25. f3 {[%clk 0:01:01]} a5 {[%clk 0:00:11]} 26. Re2
{[%clk 0:00:59]} Qe8 {[%clk 0:00:12]} 27. Qe6 {[%clk 0:00:52]} Nh8
{[%clk 0:00:09]} 28. Bg4 {[%clk 0:00:39]} Rf6 {[%clk 0:00:10]} 29. Qxe8
{[%clk 0:00:37]} Rxe8 {[%clk 0:00:11]} 30. e5 {[%clk 0:00:37]} Rff8
{[%clk 0:00:09]} 31. e6 {[%clk 0:00:35]} Nf7 {[%clk 0:00:10]} 32. Rfe1
{[%clk 0:00:33]} 1-0